Najwyżsi gracze NBA w historii - Statystyki

Ogólne statystyki
  • Ten quiz został rozwiązany 18 razy
  • Średni wynik to 5 z 28
Statystyki odpowiedzi
Wzrost (cm) Okres kariery Państwo Odpowiedź % Poprawnych
226 2023– Victor Wembanyama
88%
229 2002–2011 Yao Ming
88%
231 1985–1994 Manute Bol
82%
221 2019– Bol Bol
76%
221 1995–2003 Arvydas Sabonis
47%
231 1993–2000 Gheorghe Muresan
35%
224 2024– Zach Edey
18%
224 2015–2024 Boban Marjanović
12%
229 1993–2005 Shawn Bradley
12%
229 2019–2022 Tacko Fall
12%
221 2009–2014 Hasheem Thabeet
6%
224 1988–2000 Rik Smits
6%
221 1996–2011 Žydrūnas Ilgauskas
6%
221 1999–2005 Aleksandar Radojević
0%
226 1982–1993 Chuck Nevitt
0%
221 2005–2006 Ha Seung-jin
0%
221 1997–2000 Keith Closs
0%
224 1982–1993 Mark Eaton
0%
226 2004–2006 Pavel Podkolzin
0%
221 2004–2005 Peter John Ramos
0%
226 1996–1998 Priest Lauderdale
0%
224 1983–1992 Ralph Sampson
0%
221 1983–1993 Randy Breuer
0%
226 2015 Sim Bhullar
0%
226 2004 Slavko Vraneš
0%
221 1960–1962 Swede Halbrook
0%
221 2015–2016 Tibor Pleiß
0%
221 2015–2017 Walter Tavares
0%
Nie znaleziono quizów pasujących do podanych kryteriów
Rozkład punktacji
Procent ludzi z każdym wynikiem
Percentyl według liczby udzielonych odpowiedzi
Twoja historia wyników
Nie rozwiązałeś tego quizu